000 00729nam a2200289Ia 4500
008 160803s9999 xx 000 0 und d
020 _a9780545547635
100 _aBridwell, Norman
245 4 _aThe witch next door /
245 _cstories and pictures by Norman Bridwell.
260 _aNew York :
260 _bScholastic Inc.
260 _c1986
300 _a32 unnumbered pages :
300 _bcolor illustrations ;
300 _c21 cm
650 _aNeighbors --
650 _aNeighbors --
650 _aNeighbors.
650 _aWitches --
650 _aWitches --
650 _xFiction.
650 _xFiction.
650 _xJuvenile fiction.
650 _xJuvenile fiction.
700 _a280
999 _c298199
_d298199